| 000 | 00648cam a22002293a 4500 | ||
|---|---|---|---|
| 001 | 11682 | ||
| 003 | PGUSA | ||
| 005 | 20140828083239.0 | ||
| 008 | 040301s2004||||xxu|||||s|||||000 | eng d | ||
| 040 |
_aPGUSA _beng |
||
| 042 | _adc | ||
| 050 | 4 | _aD501 | |
| 100 | 1 |
_aGibbs, Philip, _d1877-1962 |
|
| 245 | 1 | 4 |
_aThe Soul of the War _h[electronic resource] / _cPhilip Gibbs |
| 260 |
_bProject Gutenberg, _c2004 |
||
| 506 | _aPublic domain in the USA. | ||
| 516 | _aElectronic text | ||
| 653 | _aWorld War, 1914-1918 -- Personal narratives | ||
| 830 | 0 |
_aProject Gutenberg _v11682 |
|
| 856 | 4 | 0 | _uhttp://www.gutenberg.org/ebooks/11682 |
| 942 | _cEB | ||
| 999 |
_c240937 _d240937 |
||